1085 1695 1553 1041 1017 1318 1711 1565 1070 1979 1131 1136 1288 1910 1159 1586 1031 1071 1829 1970 1904 1519 1570 1071 1850 1509 1478 1669 1945 1649 1458 1348 1516 1075 1533 1191 1332 1050 1795 1542 1172 1625 1696 1416 1871 1744 1301 1819 1512 1161 1939 1482 1063 1172 1655 1501 1764 1477 1419 1099 1959 1619 1935 1076 1332 1492 1591 1542 1507 1512 1428 1989 1139 1651 1359 1848 1593 1577 1905 1975 1892 1508 1441 1136 1765 1110 1662 1384 1565 1358 1786 1241 1673 1906 1472 1814 1346 1846 1372 BCNSPRNW ULIB Ver.6.0+V

เปลี่ยนเป็นภาษาไทย

Change to English
 แสดงรายละเอียดบรรณานุกรม
  กลับหน้าหลัก

Brief Record : Get Marc (ISO 2709) : E-mail record : QR code < ปิดหน้าต่าง
LEADER : 00000nam 2200000uu 4500
001    13399128261
003     ULIB
008    220826s2564||||th 000 0 tha d
020    ^a9786168030691
050    ^aนว.^bพ637ท
100  0 ^aพิจักขณา
245  1 ^aทวงรักนางซิน /^cพิจักขณา
250    ^aพิมพ์ครั้งที่ 1
260    ^aกรุงเทพฯ :^bแก้วชวาลา,^c2564
300    ^a336 หน้า
650    ^aนวนิยายไทย
945    ^p305^l0^i29459
999    ^aกัณชพร จุลอักษร
รายการนี้ยังไม่มีแท็ก
คุณยังไม่ได้ล็อกอิน คุณสามารถมีกิจกรรมร่วมกับเว็บไซต์ได้ แต่ต้องล็อกอินก่อน ::
  ล็อกอิน

รายการสื่อสารสนเทศ

ลำดับที่ ประเภท เลขเรียก/บาร์โค้ด สถานที่ สถานะ
1. วิทยาศาสตร์การแพทย์ และสุขภาพ
วิทยาศาสตร์การแพทย์ และสุขภาพ
นว. พ637ท ฉ.1 
  Barcode: 29459
ห้องสมุดวิทยาเขตนครสวรรค์
►นวนิยาย:l:Fiction
บนชั้น

รายการใกล้เคียง
    ผู้แต่ง [พิจักขณา]

    หัวเรื่อง [นวนิยายไทย]

BibComment


ยังไม่เคยถูกคอมเมนท์

คอมเมนท์ทรัพยากรรายการนี้
  คอมเมนท์: ทวงรักนางซิน พิ..


 Copyright 2026. Bcnsprnw @Library